| 000 | 00000nas 2200000za 4500 |
| 001 | 9.859328 |
| 003 | CaOODSP |
| 005 | 20221107160228 |
| 007 | cr ||||||||||| |
| 008 | 180719d19741989oncar p o f0 b0fre|d |
| 040 | |aCaOODSP|bfre |
| 041 | 0 |aeng|afre |
| 043 | |an-cn--- |
| 086 | 1 |aT1-30-PDF |
| 110 | 2 |aCaisse des réclamations de la pollution maritime (Canada) |
| 245 | 10|aAnnual report - Maritime Pollution Claims Fund |h[ressource électronique] = |bRapport annuel - Caisse de réclamations de la pollution maritime. |
| 246 | 11|aRapport annuel - Caisse de réclamations de la pollution maritime |
| 260 | |a[Ottawa] : |bCaisse de réclamations de la pollution maritime, Transports Canada, |c1974-1989. |
| 310 | |aAnnuel |
| 362 | 1 |aParaît depuis 1973/1974 ; ne paraît depuis 1988/1989. |
| 515 | |aPour la période se terminant le 31 mars. |
| 530 | |aÉgalement publ. en version imprimée. |
| 546 | |aTexte en anglais et en français. |
| 692 | 07|2gccst|aPollution |
| 692 | 07|2gccst|aIndemnité |
| 692 | 07|2gccst|aDéversement de pétrole |
| 710 | 1 |aCanada. |bTransports Canada. |
| 785 | 00|tCaisse d'indemnisation des dommages dus à la pollution par les hydrocarbures causée par les navires, rapport annuel ... |w(CaOODSP)9.859324 |
| 791 | |tAnnual report - Maritime Pollution Claims Fund |eeng|w(CaOODSP)9.859326 |